Finance and accounting refresher. / (Record no. 9105)

MARC details
000 -LEADER
fixed length control field 00930nam a22002297a 4500
003 - CONTROL NUMBER IDENTIFIER
control field OSt
005 - DATE AND TIME OF LATEST TRANSACTION
control field 20220803095333.0
008 - FIXED-LENGTH DATA ELEMENTS--GENERAL INFORMATION
fixed length control field 120530t xxu||||| |||| 00| 0 eng d
024 ## - OTHER STANDARD IDENTIFIER
Standard number or code 2AACC01071314
040 ## - CATALOGING SOURCE
Transcribing agency LC
050 ## - LIBRARY OF CONGRESS CALL NUMBER
Classification number HF5636.R64
100 ## - MAIN ENTRY--PERSONAL NAME
Relator term Robertson, Rick
245 ## - TITLE STATEMENT
Title Finance and accounting refresher. /
Statement of responsibility, etc. Rick Robertson
260 ## - PUBLICATION, DISTRIBUTION, ETC.
Place of publication, distribution, etc. London, Ontario:
Name of publisher, distributor, etc. Ivey Business School,
Date of publication, distribution, etc. 2014.
300 ## - PHYSICAL DESCRIPTION
Extent [various pagings].:
Other physical details ill.;
490 ## - SERIES STATEMENT
Materials specified Business case studies
505 ## - FORMATTED CONTENTS NOTE
Formatted contents note Contents: Cartwright Lumber Co. -- Present value exercise -- Telus: the cost of capital -- Valuation slides -- H & R Reit -- Cake Masters -- Integration under the Canadian Income Tax Act -- Maple Leaf Foods, 2012 financial statement question -- Maple Leaf Foods, 2012 financial statement
650 ## - SUBJECT ADDED ENTRY--TOPICAL TERM
Topical term or geographic name entry element Managerial accounting.
9 (RLIN) 39
650 ## - SUBJECT ADDED ENTRY--TOPICAL TERM
Topical term or geographic name entry element Corporations--Finance
9 (RLIN) 40
710 ## - ADDED ENTRY--CORPORATE NAME
Subordinate unit Ivey Business School
9 (RLIN) 23
942 ## - ADDED ENTRY ELEMENTS (KOHA)
Source of classification or shelving scheme Library of Congress Classification
Koha item type Books
Holdings
Withdrawn status Lost status Source of classification or shelving scheme Damaged status Not for loan Home library Current library Shelving location Date acquired Serial Enumeration / chronology Total Checkouts Full call number Barcode Date last seen Price effective from Koha item type Public note
    Library of Congress Classification     WISCONSIN INTERNATIONAL UNIVERSITY COLLEGE, GHANA KUMASI LIBRARY WISCONSIN INTERNATIONAL UNIVERSITY COLLEGE, GHANA KUMASI LIBRARY General Stacks 11/11/2019 FIN/Rob   HF5636.R64 K/1912/1912/19 03/08/2022 03/08/2022 Books Part of Ivey Collection. Shelved alphabetically by title

If you have any concerns or questions; kindly contact the library


© Powered by WIUC ICT DIRECTORATE